000 00577nam a2200169Ia 4500
008 090711s9999 xx 000 0 und d
082 _b1378
100 _aघाणेकर प्र. के.
245 _aकोकणातील पर्यटन
260 _bस्नेहल प्रकाशन
_c2000
300 _a204
600 _aघाणेकर प्र. के.
630 _aकोकणातील पर्यटन
700 _aघाणेकर प्र. के.
730 _aकोकणातील पर्यटन
942 _cBOOK
999 _c338375
_d338375